Pracovný poriadok v podmienkach škôl a školských zariadení chyby pri vypracovaní pracovného poriadku

Charakteristika pracovného poriadku z hľadiska jeho obsahu. Vzorový pracovný poriadok pre pedagogických zamestnancov a ostatných zamestnancov škôl a školských zariadení. Spracovanie vzorového pracovného poriadku do pracovného poriadku konkrétnej školy alebo školského zariadenia a najčastejšie chyby...

ver descrição completa

Na minha lista:
Detalhes bibliográficos
Autor principal: Drotár, Matej
Formato: Capítulo de Livro
Idioma:eslovaco
Assuntos:
Tags: Adicionar Tag
Sem tags, seja o primeiro a adicionar uma tag!

MARC

LEADER 00000naa a2200000 4500
001 0292487
005 20240417075237.1
041 0 |a slo 
044 |a SK 
245 1 0 |a Pracovný poriadok v podmienkach škôl a školských zariadení  |b chyby pri vypracovaní pracovného poriadku  |c Matej Drotár 
520 |a Charakteristika pracovného poriadku z hľadiska jeho obsahu. Vzorový pracovný poriadok pre pedagogických zamestnancov a ostatných zamestnancov škôl a školských zariadení. Spracovanie vzorového pracovného poriadku do pracovného poriadku konkrétnej školy alebo školského zariadenia a najčastejšie chyby škôl a školských zariadení pri tvorbe pracovného poriadku. 
610 2 0 |a poriadok pracovný 
610 2 0 |a zariadenia školské 
610 2 0 |a legislatíva 
610 2 0 |a predpisy právne 
610 2 0 |a učitelia 
100 1 |a Drotár, Matej